000 00680nam a2200217Ia 4500
003 GCL
008 140319s9999 xx 000 0 ara d
040 _aGCL /
_cGCL
082 0 4 _a306.85
_bد أ
100 1 _aداليا مؤمن
245 1 0 _aالاسرة والعلاج الاسرى /
_cداليا مؤمن
260 _aالقاهرة :
_bالسحاب للنشر والتوزيع ،
_c2004
300 _a176 ص ؛
_c24 سم
650 0 4 _aالاسرة
650 0 4 _aالعلاقات الانسانية
650 0 4 _aالزواج
650 0 4 _aالعلاقات الاسرية
650 0 4 _aالاباء والابناء
650 0 4 _aالوالدين
942 _2ddc
_cBK
999 _c6007
_d6007